Reforma a suverenita občanov.
Pokles rastu výkonnosti ekonomiky v doterajšom priebehu reformy. Reforma by mala viesť k rozmachu ekonomiky a slúžiť vlastným občanom a mala by zachovať určitú postupnosť reálnych krokov. Charakteristika nevyhnutných atribútov formovanej trhovej ekonomiky. Predpoklady upevňovania suverenity čs. obča...
Salvato in:
| Autore principale: | |
|---|---|
| Natura: | Capitolo di libro |
| Lingua: | slovacco |
| Soggetti: | |
| Tags: |
Nessun Tag, puoi essere il primo ad aggiungerne!!
|
MARC
| LEADER | 00000naa a2200000 4500 | ||
|---|---|---|---|
| 001 | r003502 | ||
| 005 | 20230116103456.2 | ||
| 041 | 0 | |a slo | |
| 044 | |a [CS] | ||
| 245 | 1 | 0 | |a Reforma a suverenita občanov. |c Viera Bacová |
| 520 | |a Pokles rastu výkonnosti ekonomiky v doterajšom priebehu reformy. Reforma by mala viesť k rozmachu ekonomiky a slúžiť vlastným občanom a mala by zachovať určitú postupnosť reálnych krokov. Charakteristika nevyhnutných atribútov formovanej trhovej ekonomiky. Predpoklady upevňovania suverenity čs. občanom na domácej pôde. Hodnotenie reformných krokov podľa hľadiska zabezpečenia dlhodobého rastu a udržania suverenity občanov. | ||
| 610 | 2 | 0 | |a reformy hospodárske |
| 610 | 2 | 0 | |a hospodárstvo národné |
| 610 | 2 | 0 | |a výkonnosť |
| 610 | 2 | 0 | |a hospodárstvo trhové |
| 610 | 2 | 0 | |a suverenita |
| 610 | 2 | 0 | |a rast hospodársky dlhodobý |
| 100 | 1 | |a Bacová, Viera | |